The Simpsons-Character Quiz Level 2 - Statistics

General Stats
  • This quiz has been taken 46 times
  • The average score is 12 of 16
Answer Stats
Picture Answer % Correct
Barney Gumble
97%
Carl Carlson, Jr.
91%
Lenny Leonard
91%
Milhouse Van Houten
91%
Selma Bouvier
89%
Nelson Muntz
86%
Patty Bouvier
86%
Martin Prince
77%
Dr. Nick Riviera
74%
Jeffrey Albertson
74%
Dr. Robert Terwilliger, Jr.
71%
Dr. Julius Hibbert
69%
Melvin Van Horne
66%
Otto Mann
66%
Gary Chalmers
43%
Charlie
34%
No matching quizzes found
Score Distribution
Percent of People with Each Score
Percentile by Number Answered
Your Score History
You have not taken this quiz